El hombre y la muerte: los testamentos murcianos bajomedievales
Gardado en:
| Autor Principal: | |
|---|---|
| Formato: | Libro |
| Idioma: | Lingua castelá |
| Publicado: |
Murcia
Universidad de Murcia. Secretariado de Publicaciones e intercambio Científico
1990
|
| Subjects: | |
| Tags: |
Engadir etiqueta
Sen Etiquetas, Sexa o primeiro en etiquetar este rexistro!
|
MARC
| LEADER | 00000nam a2200000 a 4500 | ||
|---|---|---|---|
| 001 | UCV3575 | ||
| 003 | CL-VaPUC | ||
| 008 | 930916e19900000SP |||||||||||||||||spa|d | ||
| 082 | 0 | 4 | |a 946.77 |b BEJ |2 21 |
| 100 | 0 | |a Bejarano Rubio, Amparo |e author |9 297820 | |
| 245 | 1 | 3 | |a El hombre y la muerte: los testamentos murcianos bajomedievales |
| 300 | |a 98 p | ||
| 942 | |c BK | ||
| 945 | |d 19930916 00:00:00 | ||
| 260 | |a Murcia |b Universidad de Murcia. Secretariado de Publicaciones e intercambio Científico |c 1990 | ||
| 500 | |a Accésit del IV Voncurso de Historia de la Región Ciudad de Cartagena, 1988 | ||
| 650 | 0 | |a Historia |9 255047 | |
| 651 | 7 | |a MURCIA, ESPAÑA |2 CL-VaPUC |9 259270 | |
| 583 | |a last modification |c 19930916 00:00:00 |k Rodrigo Vera | ||
| 999 | |c 210738 |d 210736 | ||
| 952 | |0 0 |1 0 |4 0 |6 946_770000000000000_BEJ_1990 |7 0 |8 P |9 187211 |a BIBDER |b BIBDER |d 2019-11-14 |i 2549018 |o 946.77 BEJ 1990 |p 2549018 |r 2023-01-25 |w 2019-11-14 |y BK |k DER | ||